000 01151nac a22004090a 4500
001 UByD001472
003 AR-LpoUNG
005 20240823092332.0
008 230511s2022||||ag |||||||||||||||||spa d
020 _a9789506585730
040 _aAR-LpoUNG
_bspa
_eaacr
041 _aspa
044 _aag
082 0 _aR911.82 432v3
100 1 _aVelázquez, Guillermo
_edir.
245 1 0 _aAtlas histórico y geográfico de la Argentina :
_bpoblación
250 _a1ra. ed.
260 _aTandil :
_bUniversidad Nacional del Centro de la Provincia de Buenos Aires,
_c2022.
300 _a475 p. :
_bgráfs., fot., tbls., mapas.
650 4 _aANALISIS HISTORICO
650 4 _aARGENTINA
650 4 _aASPECTOS GEOGRAFICOS
650 4 _aANTROPOLOGIA
650 4 _aCOLONIALISMO
650 4 _aASPECTOS DEMOGRAFICOS
650 4 _aPOBLACION
650 4 _aCOMPOSICION DE LA POBLACION
650 4 _aPOBLACION INDIGENA
650 4 _aINMIGRACION
650 4 _aHISTORIA SOCIAL
650 4 _aHISTORIA POLITICA
650 4 _aINDEPENDENCIA
650 4 _aINTEGRACION POLITICA
650 4 _aMAPAS
905 _a14311
942 _cLSALA
_2ddc
999 _c63982
_d63982